<?xml version="1.0" encoding="UTF-8"?>
<collection xmlns="http://www.loc.gov/MARC21/slim">
 <record>
  <leader>02301pam a22002898a 4500</leader>
  <controlfield tag="001">00022198</controlfield>
  <controlfield tag="005">20171026081025.0</controlfield>
  <controlfield tag="008">110528s2007                  ||||||Viesd</controlfield>
  <datafield tag="041" ind1="0" ind2="#">
   <subfield code="a">Vie</subfield>
  </datafield>
  <datafield tag="082" ind1="1" ind2="4">
   <subfield code="a">636.200 71</subfield>
   <subfield code="b">GI108TR</subfield>
  </datafield>
  <datafield tag="100" ind1="0" ind2="#">
   <subfield code="a">Trần Trọng Thêm</subfield>
   <subfield code="e">Chủ biên</subfield>
  </datafield>
  <datafield tag="245" ind1="0" ind2="0">
   <subfield code="a">Giáo trình kĩ thuật chăn nuôi Trâu, Bò</subfield>
   <subfield code="b">Sách dành cho cao đẵng sư phạm</subfield>
   <subfield code="c">Trần Trọng Thêm, Vũ Chí Cừơng, Vũ Văn Nội</subfield>
  </datafield>
  <datafield tag="260" ind1="#" ind2="#">
   <subfield code="a">H.</subfield>
   <subfield code="b">Đại học sư phạm</subfield>
   <subfield code="c">2007</subfield>
  </datafield>
  <datafield tag="300" ind1="#" ind2="#">
   <subfield code="a">186 tr.</subfield>
   <subfield code="c">24 cm.</subfield>
  </datafield>
  <datafield tag="500" ind1="#" ind2="#">
   <subfield code="a">Sách nhà nước đặt hàng</subfield>
  </datafield>
  <datafield tag="650" ind1="#" ind2="4">
   <subfield code="a">Bò</subfield>
  </datafield>
  <datafield tag="650" ind1="#" ind2="4">
   <subfield code="a">Chăn nuôi</subfield>
  </datafield>
  <datafield tag="650" ind1="#" ind2="4">
   <subfield code="a">Trâu</subfield>
  </datafield>
  <datafield tag="653" ind1="#" ind2="#">
   <subfield code="a">Giáo trình</subfield>
  </datafield>
  <datafield tag="700" ind1="0" ind2="#">
   <subfield code="a">Vũ Chí Cường</subfield>
   <subfield code="e">tác giả</subfield>
  </datafield>
  <datafield tag="700" ind1="0" ind2="#">
   <subfield code="e">tác giả</subfield>
   <subfield code="a">Vũ Văn Nội</subfield>
  </datafield>
  <datafield tag="852" ind1="#" ind2="#">
   <subfield code="b">Kho mượn</subfield>
   <subfield code="j">KGT.0011330</subfield>
  </datafield>
  <datafield tag="852" ind1="#" ind2="#">
   <subfield code="b">Kho đọc</subfield>
   <subfield code="j">KD.0007955</subfield>
  </datafield>
  <datafield tag="852" ind1="#" ind2="#">
   <subfield code="j">KD.0007955</subfield>
   <subfield code="j">KGT.0011331</subfield>
   <subfield code="j">KGT.0011333</subfield>
   <subfield code="j">KGT.0011334</subfield>
   <subfield code="j">KGT.0011336</subfield>
   <subfield code="j">KGT.0011337</subfield>
   <subfield code="j">KGT.0011339</subfield>
   <subfield code="j">KGT.0011340</subfield>
   <subfield code="j">KGT.0011342</subfield>
   <subfield code="j">KGT.0011343</subfield>
   <subfield code="j">KGT.0011345</subfield>
   <subfield code="j">KGT.0011346</subfield>
   <subfield code="j">KGT.0011348</subfield>
   <subfield code="j">KGT.0011349</subfield>
   <subfield code="j">KGT.0011351</subfield>
   <subfield code="j">KGT.0011352</subfield>
   <subfield code="j">KGT.0011354</subfield>
   <subfield code="j">KGT.0011356</subfield>
   <subfield code="j">KGT.0011357</subfield>
   <subfield code="j">KGT.0011359</subfield>
   <subfield code="j">KGT.0011360</subfield>
   <subfield code="j">KGT.0011362</subfield>
   <subfield code="j">KGT.0011363</subfield>
   <subfield code="j">KGT.0011365</subfield>
   <subfield code="j">KGT.0011366</subfield>
   <subfield code="j">KGT.0011368</subfield>
   <subfield code="j">KGT.0011369</subfield>
   <subfield code="j">KGT.0011371</subfield>
   <subfield code="j">KGT.0011372</subfield>
   <subfield code="j">KGT.0011374</subfield>
   <subfield code="j">KGT.0011376</subfield>
   <subfield code="j">KGT.0011377</subfield>
   <subfield code="j">KGT.0011330</subfield>
   <subfield code="j">KGT.0011332</subfield>
   <subfield code="j">KGT.0011335</subfield>
   <subfield code="j">KGT.0011338</subfield>
   <subfield code="j">KGT.0011341</subfield>
   <subfield code="j">KGT.0011344</subfield>
   <subfield code="j">KGT.0011347</subfield>
   <subfield code="j">KGT.0011350</subfield>
   <subfield code="j">KGT.0011353</subfield>
   <subfield code="j">KGT.0011355</subfield>
   <subfield code="j">KGT.0011358</subfield>
   <subfield code="j">KGT.0011361</subfield>
   <subfield code="j">KGT.0011364</subfield>
   <subfield code="j">KGT.0011367</subfield>
   <subfield code="j">KGT.0011370</subfield>
   <subfield code="j">KGT.0011373</subfield>
   <subfield code="j">KGT.0011375</subfield>
  </datafield>
  <datafield tag="852" ind1="#" ind2="#">
   <subfield code="j">KGT.0011330, KGT.0011331, KGT.0011332, KGT.0011333, KGT.0011334, KGT.0011335, KGT.0011336, KGT.0011337, KGT.0011338, KGT.0011339, KGT.0011340, KGT.0011341, KGT.0011342, KGT.0011343, KGT.0011344, KGT.0011345, KGT.0011346, KGT.0011347, KGT.0011348, KGT.0011349, KGT.0011350, KGT.0011351, KGT.0011352, KGT.0011353, KGT.0011354, KGT.0011355, KGT.0011356, KGT.0011357, KGT.0011358, KGT.0011359, KGT.0011360, KGT.0011361, KGT.0011362, KGT.0011363, KGT.0011364, KGT.0011365, KGT.0011366, KGT.0011367, KGT.0011368, KGT.0011369, KGT.0011370, KGT.0011371, KGT.0011372, KGT.0011373, KGT.0011374, KGT.0011375, KGT.0011376, KGT.0011377</subfield>
   <subfield code="b">Kho giáo trình</subfield>
  </datafield>
  <datafield tag="910" ind1="0" ind2="#">
   <subfield code="a">nhnam</subfield>
   <subfield code="d">28/05/2011</subfield>
  </datafield>
  <datafield tag="980" ind1="#" ind2="#">
   <subfield code="a">Trung tâm Học liệu Lê Vũ Hùng, Trường Đại học Đồng Tháp</subfield>
  </datafield>
 </record>
</collection>
